000 00450nam a22001457a 4500
008 240806b |||||||| |||| 00| 0 eng d
020 _a9798177080727
082 _a382.915 CHH
100 _aChhibber, Bharti
245 _aRegional Security and Regional Cooperation;
_bA comparative study of ASEAN and SAARC
260 _aNew Delhi;
_bNew Century Publications, India
_c2004
300 _axii, 486 p.;
_c22Cm.
942 _2ddc
999 _c9952
_d9953